000
00221 a2200097 4500
001
14652
100
_a
Philpott B
245
_a
R.A.F fighter units Europe
260
_a
London
_b
Osprey pub house
_c
090
_c
11438
_d
11438
942
_a
NUST-CAE
_c
M
_c
1601
999
_c
249725
_d
249725